000 00560nam a2200181Ia 4500
003 GCL
008 140319s9999 xx 000 0 ara d
040 _aGCL /
_cGCL
082 0 4 _a823.03
_bم ق
100 1 _aموم , سومرست
245 1 0 _aالقمر وستةبنسات او حياة فنان /
_cموم , سومرست
700 1 _aاحمد بدران
300 _a293 ص
490 _aالهيئة العامة للاستعلامات
_v0
650 0 4 _aالقصص الانجليزية
650 0 4 _aالادب الانجليزى
942 _2ddc
_cBK
999 _c47374
_d47374